000 00585nam a22001937a 4500
999 _c18172
_d18172
003 AR-CdUCM
008 190513b ||||| |||| 00| 0 spa d
040 _aMUNICIPALIDAD PROVINCIAL DEL CUSCO
_cBIBLIOTECA MUNICIPAL DEL CUSCO
082 _a869.26 /
_bE39
100 _aElkin, Boris
_938611
245 _aCharqueando :
_bPoesías camperas /
260 _aBuenos Aires :
_bSiglo veinte,
300 _a155 paginas ;
_c19 cm.
505 _aContenido :Poesías /
650 _aLiteratura argentina
_984
650 _aPoesías
_92272
942 _2ddc
_cLIBROS
945 _arjall
_d2019-05-13